000 00269nam a2200109Ia 4500
008 230917s9999||||xx |||||||||||||| ||und||
040 _e192183
_aMAIN
041 _aEnglish
100 _aKapoor, P P
245 0 _aModern purchasing: Principles and practice
942 _cBK
999 _c170978
_d170978